000
00320nam a2200109Ia 4500
008
200302s9999 xx 000 0 und d
100
_a
Teri
245
_a
Griha Manual Vol - 5 Technical Manual for Evaluators A Guide for assessing Griha
260
_b
The Energy and Resources Institute
260
_c
2011
300
_a
138 P.,
999
_c
2865
_d
2865